Sediments of Time : Environment and society in Chinese history

This book crystallizes a new field of scholarship that studies the creation of distinct environments as a result of the interaction of human social systems with the natural world. Pioneering essays explore new methodologies of historical environmental research, comparisons of China with the West and...

Popoln opis

Shranjeno v:
Bibliografske podrobnosti
Format: Knjiga
Jezik:Undetermined
Izdano: Cambridge Cambridge University Press 1998
Teme:
Oznake: Označite
Brez oznak, prvi označite!
Thư viện lưu trữ: Trung tâm Học liệu Trường Đại học Cần Thơ
LEADER 01242nam a2200217Ia 4500
001 CTU_168345
008 210402s9999 xx 000 0 und d
020 |c 59.37 
082 |a 333.70951 
082 |b S448 
245 0 |a Sediments of Time : 
245 0 |b Environment and society in Chinese history 
245 0 |c Mark Elvin ; Liu Ts'ui-jung (Edited by) 
260 |a Cambridge 
260 |b Cambridge University Press 
260 |c 1998 
520 |a This book crystallizes a new field of scholarship that studies the creation of distinct environments as a result of the interaction of human social systems with the natural world. Pioneering essays explore new methodologies of historical environmental research, comparisons of China with the West and Japan, and the impact of the early modern ecological transformation on the spread of disease. An indispensable book for those trying to understand the foundations of modern China or the origins of many of contemporary China's most daunting challenges. 
650 |a Ecology,Ecology,Environmental sciences,Sinh thái học,Sinh thái học,Khoa học môi trường 
650 |z China,Trung Quốc 
904 |i Lan 
980 |a Trung tâm Học liệu Trường Đại học Cần Thơ